000 00875 a2200205 4500
020 _a0750622539
020 _a9780750622530
082 0 4 _a658.72
090 _c860
_d860
100 1 _aChadwick, Tom.
245 1 0 _aStrategic supply management :
_ban implementation toolkit /
_cTom Chadwick.
260 _a[S.l.] :
_bButterworth-Heinemann,
_c1996.
300 _a246 p. ;
_c24 cm.
500 _aHardcover.
520 _aAimed at practitioners in purchasing and supply management positions, as well as postgraduate and post-experience students. Provides a step-bystep guide to implementing an effective supply strategy.
700 1 _aRajagopal, Shan.
856 4 0 _3Amazon.com
_uhttp://www.amazon.com/exec/obidos/ASIN/0750622539/chopaconline-20
856 4 0 _3Amazon customer reviews
_uhttp://www.chopac.org/cgi-bin/tools/azrev.pl?q=0750622539
942 _aNBS
_cBK
_k658.7 CHA
999 _c343405
_d343405